| 000 | 00448cam a2200181ua 4500 | ||
|---|---|---|---|
| 001 | 834 | ||
| 008 | 110421n ii |||gr||||Z||||||eng | ||
| 040 | _cMAIN | ||
| 082 | _a320.513 | ||
| 245 | 1 |
_aRecent political thought. _cBy V D Mahajan. |
|
| 250 | _a5th. | ||
| 260 |
_aNew Delhi.: _bS chand.,968. |
||
| 300 |
_ax, 615 p.: _c20 cm. |
||
| 653 | _aPolitical science. | ||
| 653 | _aRecent political thought. | ||
| 700 | 1 | _aMahajan, V D., | |
| 942 | _cBK | ||
| 999 |
_c758 _d758 |
||